Encyclopedia of environmental analysis and remediation / (Record no. 15600)

000 -LEADER
fixed length control field 00853cam a2200289 a 4500
020 ## - INTERNATIONAL STANDARD BOOK NUMBER
ISBN 0471117080
020 ## - INTERNATIONAL STANDARD BOOK NUMBER
ISBN 0471166421 (vol. 1)
020 ## - INTERNATIONAL STANDARD BOOK NUMBER
ISBN 0471166391 (vol. 2)
020 ## - INTERNATIONAL STANDARD BOOK NUMBER
ISBN 0471166405 (vol. 3)
020 ## - INTERNATIONAL STANDARD BOOK NUMBER
ISBN 0471166367 (vol. 4)
020 ## - INTERNATIONAL STANDARD BOOK NUMBER
ISBN 0471166359 (vol. 5)
020 ## - INTERNATIONAL STANDARD BOOK NUMBER
ISBN 0471166324 (vol. 6)
020 ## - INTERNATIONAL STANDARD BOOK NUMBER
ISBN 0471166316 (vol. 7)
020 ## - INTERNATIONAL STANDARD BOOK NUMBER
ISBN 0471166294 (vol. 8)
040 ## - CATALOGING SOURCE
Transcribing agency DLC
082 00 - DEWEY DECIMAL CLASSIFICATION NUMBER
Classification number 628 WIL 1998 A091 Or.
245 00 - TITLE STATEMENT
Title Encyclopedia of environmental analysis and remediation /
246 30 - VARYING FORM OF TITLE
Title proper/short title Environmental analysis and remediation
260 ## - PUBLICATION, DISTRIBUTION, ETC. (IMPRINT)
Place of publication New York :
Name of publisher Wiley,
Year of publication c1998
300 ## - PHYSICAL DESCRIPTION
Number of Pages 8 v. :
Other physical details ill., maps ;
Dimensions 29 cm
500 ## - GENERAL NOTE
General note "A Wiley-Interscience publication."
650 #0 - SUBJECT ADDED ENTRY--TOPICAL TERM
Topical Term Environmental sciences
650 #0 - SUBJECT ADDED ENTRY--TOPICAL TERM
Topical Term Pollution
650 #0 - SUBJECT ADDED ENTRY--TOPICAL TERM
Topical Term Environmental protection
700 1# - ADDED ENTRY--PERSONAL NAME
Personal name Meyers, Robert A.
942 ## - ADDED ENTRY ELEMENTS (KOHA)
Koha item type សៀវភៅភាសាអង់គ្លេស
952 ## - LOCATION AND ITEM INFORMATION (KOHA)
Withdrawn status [LOCAL, KOHA] 0
Holdings
Permanent Location Date acquired Koha item type Lost status Shelving location Barcode Current Location Full call number
Library Block A2017-12-04សៀវភៅភាសាអង់គ្លេស A091A06219Library Block A628 WIL 1998 A091 Or.
មជ្ឈមណ្ឌលឯការនៃសាកលវិទ្យាល័យភូមិន្ទកសិកម្មចំការដូង

Powered by Koha